Dinámica familiar y su relación con hábitos alimentarios /
Guardado en:
| Autor principal: | |
|---|---|
| Otros Autores: | |
| Formato: | Texto |
| Etiquetas: |
Agregar Etiqueta
Sin Etiquetas, Sea el primero en etiquetar este registro!
|
MARC
| LEADER | 00000 a a2200000 04500 | ||
|---|---|---|---|
| 001 | 7765 | ||
| 003 | |||
| 040 | |||
| 100 | |a Arroyo, P | ||
| 245 | |a Dinámica familiar y su relación con hábitos alimentarios / |c P Arroyo | ||
| 700 | |a Férnandez, V |a Garcia, M |a Pardío, J | ||
| 773 | |g volumen 14, número 27; páginas 9-46 | ||
| 999 | |c 38115 |d 38115 | ||
